000 00315nam a22001337a 4500
008 170526b xxu||||| |||| 00| 0 eng d
020 _a0824766423
041 _aeng
080 _a004
100 _a27
101 _aSHKI
245 _aOPTIMIZATION ALGORITHMS FOR NETWORKS AND GRAPHS
_cMINIEKA, E
942 _2udc
_cBK
999 _c14581
_d14581